El Financiamiento a los partidos políticos en Costa Rica: rasgos del desarrollo histórico de su marco normativo y propuestas para su modificación /
Furkejuvvon:
| Váldodahkki: | |
|---|---|
| Materiálatiipa: | Texto |
| Fáddágilkorat: |
Lasit fáddágilkoriid
Eai fáddágilkorat, Lasit vuosttaš fáddágilkora!
|
MARC
| LEADER | 00000 a a2200000 04500 | ||
|---|---|---|---|
| 001 | 45023 | ||
| 003 | |||
| 040 | |||
| 100 | |a Hernández Naranjo, Gerardo | ||
| 245 | |a El Financiamiento a los partidos políticos en Costa Rica: rasgos del desarrollo histórico de su marco normativo y propuestas para su modificación / |c Gerardo Hernández Naranjo | ||
| 500 | |a FINANCIAMIENTO DE LA POLITICA |a COSTA RICA | ||
| 773 | |g páginas 233-254 | ||
| 999 | |c 34197 |d 34197 | ||
